000 01103cam a22002891 4500
999 _c21927
_d21927
001 10123763
003 BDDh-ASL
005 20231015030049.0
008 771222s1918 enkbj 000 0 eng
010 _a 19014932
035 _a(OCoLC)3509155
040 _aDLC
_cOT
_dOCoLC
_dDLC
_dBDDh-ASL
042 _apremarc
050 0 0 _aDS485.P3
_bC9 1918
082 _a954.5
_bCUH
100 1 _aCunningham, Joseph Davey,
_d1812-1851.
245 1 2 _aA history of the Sikhs :
_bfrom the origin of the nation to the battles of the Sutlej /
_cby Joseph Davey Cunningham, ed. by H. L. O. Garrett.
250 _aNew and rev. ed. with two maps.
260 _aLondon :
_aNew York [etc.]
_bH. Milford, Oxford University Press,
_c1918.
300 _alii, 429 p. :
_bfront., fold. map, fold. geneal. tab.
_c20 cm.
504 _a"Bibliographical note on the Cunningham family": p. [xiv]-xvi.
504 _aBibliography: p. [xvii]-xix.
650 0 _aSikhs
700 1 _aGarrett, H. L. O.
_q(Herbert Leonard Offley),
_d1881-1941,
_eed.
906 _a7
_bcbc
_coclcrpl
_du
_encip
_f19
_gy-gencatlg
942 _2ddc
_cBK